000 00366nam a22001217a 4500
008 230626b xxu||||| |||| 00| 0 eng d
082 _a328.3
_bKEN 2004
245 _aParliamentary Note
_bA Human Rights Brief for Members of Parliament
260 _aKenya
_bKenya Section of the International Commission Jurists
_c2004
300 _a18p
440 _v2
942 _2ddc
_cBK
999 _c2614
_d2614